|
|
|
|
| LEADER |
00878nam a2200241 a 4500 |
| 001 |
002440464 |
| 008 |
110515s1999 caua 001 0 eng |
| 010 |
|
|
|a 98027202
|
| 020 |
|
|
|a 0201361663
|
| 040 |
|
|
|a DLC
|c DLC
|d C#P
|d UKM
|d UMC
|d BD-DhAAL
|
| 082 |
0 |
0 |
|a 006
|2 21
|
| 100 |
1 |
|
|a Bishop, Robert H.,
|d 1957-
|
| 245 |
1 |
0 |
|a Learning with LabVIEW /
|c Robert H. Bishop.
|
| 260 |
|
|
|a Menlo Park, Calif. :
|b Addison-Wesley,
|c c1999.
|
| 300 |
|
|
|a xiv, 465 p. :
|b ill. ;
|c 23 cm.
|
| 500 |
|
|
|a Includes index.
|
| 541 |
|
|
|e 00009902
|
| 630 |
0 |
0 |
|a LabVIEW.
|
| 650 |
|
0 |
|a Scientific apparatus and instruments
|x Computer simulation.
|
| 650 |
|
0 |
|a Computer graphics.
|
| 852 |
1 |
|
|a Ayesha Abed Library
|c General Shelf.
|
| 999 |
|
|
|c 10836
|d 10836
|
| 952 |
|
|
|0 0
|1 0
|2 ddc
|4 0
|6 006_BIS
|7 0
|9 16445
|a BRACUL
|b BRACUL
|c GEN
|d 2011-05-15
|l 4
|m 28
|o 006 BIS
|p 3010009902
|q 2026-07-28
|r 2025-01-02
|s 2025-01-02
|t 1
|w 2011-05-15
|y BK
|